| 000 | 01085nam a2200325Ia 4500 | ||
|---|---|---|---|
| 001 | Z_6185 | ||
| 008 | 220601s9999 xx 000 0 und d | ||
| 020 | _a968-02-0041-8 | ||
| 082 | _a660.6 R85 | ||
| 100 |
_aRuíz Figueroa, José Feliciano _9100875 |
||
| 245 | _a¿Por qué los organismos genéticamente modificados (transgénicos) no se utilizan en agricultura orgánica? / José Feliciano Ruiz Figueroa | ||
| 260 | _aMéxico : UACH : CONARAO | ||
| 300 | _a105 p. | ||
| 500 | _aClasificación LC: SB123.57 R85 | ||
| 503 | _aej.1: ? | ||
| 504 | _aBibliografía: p. 51 - 56, incluye índices | ||
| 650 | _a1. Transgénicos | ||
| 650 |
_aAgricultura orgánica _92005 |
||
| 650 |
_aBiotecnología _912878 |
||
| 650 |
_aIngeniería genética _958228 |
||
| 650 | _aAgricultura - Medidas de seguridad | ||
| 650 | _aTransgenic organisms | ||
| 650 |
_aGenetic engineering _9163283 |
||
| 650 | _aCrops AgriculturalÌ | ||
| 901 | _a660.6 R85 | ||
| 902 | _aA | ||
| 905 | _a5032272004 mx abmn8000000300spa00 | ||
| 942 | _c1 | ||
| 999 |
_c217085 _d217085 |
||